Immature little gull in South America (Registro nro. 9277)
[ vista simple ]
| 000 -CABECERA | |
|---|---|
| Campo de control | 005230000a22001810004500 |
| 090 ## - CLASIFICACIÓN LOCAL | |
| Colección | AR |
| Consecutivo | 00176 |
| 041 0# - IDIOMA | |
| Código de idioma para texto/pista de sonido o título separado | |
| 100 1# - ASIENTO PRINCIPAL--NOMBRE PERSONAL | |
| Nombre personal | Blokpoel, Hans |
| 245 10 - MENCION DE TITULO | |
| Título | Immature little gull in South America |
| 650 14 - ASIENTO SECUNDARIO DE MATERIA - TERMINO TEMATICO | |
| Término temático o nombre geográfico como elemento de entrada | Aves |
| 650 14 - ASIENTO SECUNDARIO DE MATERIA - TERMINO TEMATICO | |
| Término temático o nombre geográfico como elemento de entrada | Morfología |
| 650 14 - ASIENTO SECUNDARIO DE MATERIA - TERMINO TEMATICO | |
| Término temático o nombre geográfico como elemento de entrada | Migraciones de aves |
| 653 ## - TERMINO DE INDIZACION - NO CONTROLADO | |
| -- | Larus |
| -- | Larus minutus |
| -- | aviotas |
| 700 1# - ASIENTO SECUNDARIO - NOMBRE PERSONAL | |
| Nombre personal | Naranjo Henao, Luis Germán |
| 700 1# - ASIENTO SECUNDARIO - NOMBRE PERSONAL | |
| Nombre personal | Tessier, Gaston D. |
| 773 1# - Item fuente: | |
| Título | American Birds |
| Especificación de materiales | 1218 |
| Descripción física | 3 |
| Paginas del Articulo | 372-374 |
| Lugar, editorial y fecha de publicación | 1984 |
| Información sobre la relación | 38 |
| 942 ## - ELEMENTOS ADICIONALES (KOHA) | |
| Tipo de ítem | Artículo |
| Withdrawn status | Lost status | Damaged status | No para préstamo | Colección | Ubicación Permanente | Ubicación actual | Fecha de adquisición | Fuente de Valor | Datos de publicación Seriada | Total Checkouts | Número topográfico | Inventario / Código de Barras | Date last seen | Ejemplar | Price effective from | Forma de adquisición | Tipo de material |
|---|---|---|---|---|---|---|---|---|---|---|---|---|---|---|---|---|---|
| No para Préstamo | Hemeroteca | Bogotá | Bogotá | 27/02/2015 | Ferreira Miani, Paola | Fuera de circulación | AR 00176 | 010416 | 25/03/2015 | 1 | 25/03/2015 | Artículo |